Giáo trình Tiếng Hàn tổng hợp dành cho người Việt 6. Cao cấp 6

में बचाया:
ग्रंथसूची विवरण
मुख्य लेखक: Cho Hang Rok
स्वरूप: पुस्तक
भाषा:Korean
विषय:
टैग : टैग जोड़ें
कोई टैग नहीं, इस रिकॉर्ड को टैग करने वाले पहले व्यक्ति बनें!
Thư viện lưu trữ: Mạng thư viện Đại học Đà Nẵng
LEADER 01302cam a22003131a 4500
001 000041000
003 17295
005 20160413000000.0
008 160413s0 000 kor
041 |a kor 
082 |a 495.7  |b CH-R  |2 Cao cấp 6 
100 |a Cho Hang Rok 
245 |a Giáo trình Tiếng Hàn tổng hợp dành cho người Việt 6.  |c Cho Hang Rok...[Và Những Người Khác ]  |n Cao cấp 6 
300 |a 316tr. : mh ; 30cm 
650 |a Giáo trình Tiếng Hàn tổng hợp dành cho người Việt 6, Giáo trình Tiếng Hàn, Tiếng Hàn tổng hợp, Tiếng Hàn tổng hợp dành cho người Việt, Cho Hang Rok, Thực hành dịch viết Việt – Hàn 1, Thực hành dịch nói 2 
852 |b Chuyên đề  |c Giáo trình 
OWN |a LNN 
AVA |a UDN50  |b LNN  |d 495.7 CH-R  |e available  |t Error 5001 Not defined in file expand_doc_bib_avail.  |f 1  |g 0  |h N  |i 0  |k 1 
999 |a From the UDN01 
AVA |a UDN50  |b LNN  |d 495.7 CH-R  |e available  |t Error 5001 Not defined in file expand_doc_bib_avail.  |f 1  |g 0  |h N  |i 0  |k 1 
TYP |a Monograph 
TYP |a Printed language 
980 |a Mạng thư viện Đại học Đà Nẵng